000
00308nam a22001217a 4500
999
_c
3015
_d
3015
005
20200925144610.0
008
200925b ||||| |||| 00| 0 eng d
020
_a
0099466589
040
_c
CML
245
_a
The Mysteries.
_c
McGill, R.
260
_a
London
_b
Vintage
_c
2005
942
_2
ddc
_c
BK
_e
1st Edition
_k
F
_m
MCG